| 000 | 00000nam##2200000za#4500 |
| 001 | 9.647893 |
| 003 | CaOODSP |
| 005 | 20210615112832 |
| 007 | ta |
| 008 | 150407|2000||||xxc||||| f|0| 0 eng|d |
| 020 | |a0-662-29444-0 |
| 040 | |aCaOODSP|beng |
| 043 | |an-cn--- |
| 086 | 1 |aM22-135/2000E |
| 110 | 1 |aCanada.|bNatural Resources Canada. |bClimate Change Secretariat. |
| 245 | 10|aGovernment of Canada Action Plan 2000 on Climate Change |
| 260 | |aOttawa - Ontario : |bNatural Resources Canada. |c2000. |
| 300 | |a16p. ; |c30 cm. + |ebackgrounders: Canada's North.--Renewable and alternative energy sources.--Technology. |
| 500 | |aWeb site of the backgrounders: http://climatechange.nrcan.gc.ca/english/html/action_plan.html |
| 563 | |aKit |
| 590 | |a00-46|b2000-11-17 |
| 690 | 07|aEnvironmental policy|2gcpds |
| 690 | 07|aClimate|2gcpds |
| 690 | 07|aGreenhouse effect|2gcpds |
| 775 | 08|tPlan d'action 2000 du gouvernement du Canada sur le changement climatique |w(CaOODSP)9.681274 |
| 776 | 0#|tGovernment of Canada Action Plan 2000 on Climate Change |w(CaOODSP)9.698058 |